书目信息 |
| 题名: |
追寻化学教育的本源
|
|
| 作者: | 岳文虹 , 苑凌云 主编 | |
| 分册: | ||
| 出版信息: | 西安 陕西科学技术出版社 2021.01 |
|
| 页数: | 313页 | |
| 开本: | 24cm | |
| 丛书名: | ||
| 单 册: | ||
| 中图分类: | G634.85 | |
| 科图分类: | ||
| 主题词: | 中学化学课--高中--题解 | |
| 电子资源: | ||
| ISBN: | 978-7-5369-7983-3 | |
| 000 | 00982nam0 2200253 450 | |
| 001 | 012001003373 | |
| 005 | 20141204151616.0 | |
| 010 | @a978-7-5369-7983-3@dCNY69.00 | |
| 100 | @a20220905d2021 em y0chiy50 ea | |
| 101 | 0 | @achi |
| 102 | @aCN@b610000 | |
| 105 | @aa z 000yy | |
| 106 | @ar | |
| 200 | 1 | @a追寻化学教育的本源@Azhui xun hua xue jiao yu de ben yuan@d= Pursuing the origin of chemistry education@e化学疑难问题研究@f岳文虹,苑凌云主编@zeng |
| 210 | @a西安@c陕西科学技术出版社@d2021.01 | |
| 215 | @a313页@c图@d24cm | |
| 330 | @a本书整体分为五个专题,分别是:专题一:《元素化合物》;专题二:《化学反应原理》;专题三:《物质结构与性质》;专题四:《化学实验》;专题五:《有机化学》。 | |
| 510 | 1 | @aPursuing the origin of chemistry education@zeng |
| 606 | 0 | @a中学化学课@x高中@j题解 |
| 690 | @aG634.85@v5 | |
| 701 | 0 | @a岳文虹@Ayue wen hong@4主编 |
| 701 | 0 | @a苑凌云@Ayuan ling yun@4主编 |
| 801 | 0 | @aCN@bAHXH@c20221111 |
| 905 | @b1377684-8@dG634.85@e2809@f5 | |
| 追寻化学教育的本源= Pursuing the origin of chemistry education:化学疑难问题研究/岳文虹,苑凌云主编.-西安:陕西科学技术出版社,2021.01 |
| 313页:图;24cm |
| ISBN 978-7-5369-7983-3:CNY69.00 |
| 本书整体分为五个专题,分别是:专题一:《元素化合物》;专题二:《化学反应原理》;专题三:《物质结构与性质》;专题四:《化学实验》;专题五:《有机化学》。 |
| ● |
| 相关链接 |
|
|
|
|
正题名:追寻化学教育的本源
索取号:G634.85/2809
 
预约/预借
| 序号 | 登录号 | 条形码 | 馆藏地/架位号 | 状态 | 备注 |
| 1 | 1377684 | 213776840 | 第一样本阅览室/ [索取号:G634.85/2809] | 在馆 | |
| 2 | 1377685 | 213776859 | 教育系资料室/ [索取号:G634.85/2809] | 在馆 | |
| 3 | 1377686 | 213776868 | 教育系资料室/ [索取号:G634.85/2809] | 在馆 | |
| 4 | 1377687 | 213776877 | 第四借阅区/ [索取号:G634.85/2809] | 在馆 | |
| 5 | 1377688 | 213776886 | 第四借阅区/ [索取号:G634.85/2809] | 在馆 |